<?xml version="1.0" encoding="UTF-8"?>
<record
    xmlns:xsi="http://www.w3.org/2001/XMLSchema-instance"
    xsi:schemaLocation="http://www.loc.gov/MARC21/slim http://www.loc.gov/standards/marcxml/schema/MARC21slim.xsd"
    xmlns="http://www.loc.gov/MARC21/slim">

  <leader>01103cam a22003018a 4500</leader>
  <controlfield tag="001">16342778</controlfield>
  <controlfield tag="005">20100728123114.0</controlfield>
  <controlfield tag="008">100721s2011    nju      b    001 0 eng  </controlfield>
  <datafield tag="020" ind1=" " ind2=" ">
    <subfield code="a">0137011326</subfield>
  </datafield>
  <datafield tag="020" ind1=" " ind2=" ">
    <subfield code="a">9780137011322 </subfield>
  </datafield>
  <datafield tag="040" ind1=" " ind2=" ">
    <subfield code="a">DLC</subfield>
    <subfield code="c">DLC</subfield>
  </datafield>
  <datafield tag="082" ind1="0" ind2="0">
    <subfield code="a">624.1513</subfield>
    <subfield code="2">22</subfield>
    <subfield code="b">HOL</subfield>
  </datafield>
  <datafield tag="100" ind1="1" ind2=" ">
    <subfield code="a">Holtz, R. D.</subfield>
    <subfield code="q">(Robert D.)</subfield>
    <subfield code="9">29060</subfield>
  </datafield>
  <datafield tag="245" ind1="1" ind2="3">
    <subfield code="a">An Introduction to Geotechnical Engineering /</subfield>
    <subfield code="c">Robert D. Holtz, William D. Kovacs, Thomas C. Sheahan.</subfield>
  </datafield>
  <datafield tag="250" ind1=" " ind2=" ">
    <subfield code="a">2nd ed.</subfield>
  </datafield>
  <datafield tag="260" ind1=" " ind2=" ">
    <subfield code="a">Upper Saddle River :</subfield>
    <subfield code="b">Prentice Hall,</subfield>
    <subfield code="c">2011.</subfield>
  </datafield>
  <datafield tag="263" ind1=" " ind2=" ">
    <subfield code="a">1201</subfield>
  </datafield>
  <datafield tag="300" ind1=" " ind2=" ">
    <subfield code="a">863 p. :</subfield>
    <subfield code="b">ill. ;</subfield>
    <subfield code="c">24 cm.</subfield>
  </datafield>
  <datafield tag="504" ind1=" " ind2=" ">
    <subfield code="a">Includes bibliographical references and index.</subfield>
  </datafield>
  <datafield tag="650" ind1=" " ind2="0">
    <subfield code="a">Soil mechanics</subfield>
    <subfield code="v">Textbooks.</subfield>
    <subfield code="9">29061</subfield>
  </datafield>
  <datafield tag="650" ind1=" " ind2="0">
    <subfield code="a">Rock mechanics</subfield>
    <subfield code="v">Textbooks.</subfield>
    <subfield code="9">29062</subfield>
  </datafield>
  <datafield tag="653" ind1=" " ind2=" ">
    <subfield code="b">Civ</subfield>
    <subfield code="c">February2012</subfield>
  </datafield>
  <datafield tag="700" ind1="1" ind2=" ">
    <subfield code="a">Kovacs, William D.</subfield>
    <subfield code="9">29063</subfield>
  </datafield>
  <datafield tag="700" ind1="1" ind2=" ">
    <subfield code="a">Sheahan, Thomas C.</subfield>
    <subfield code="9">29064</subfield>
  </datafield>
  <datafield tag="942" ind1=" " ind2=" ">
    <subfield code="2">ddc</subfield>
    <subfield code="c">BB</subfield>
  </datafield>
  <datafield tag="999" ind1=" " ind2=" ">
    <subfield code="c">16502</subfield>
    <subfield code="d">16502</subfield>
  </datafield>
  <datafield tag="952" ind1=" " ind2=" ">
    <subfield code="0">0</subfield>
    <subfield code="1">0</subfield>
    <subfield code="2">ddc</subfield>
    <subfield code="4">0</subfield>
    <subfield code="7">0</subfield>
    <subfield code="8">Alahram</subfield>
    <subfield code="a">MAIN</subfield>
    <subfield code="b">MAIN</subfield>
    <subfield code="c">1ST</subfield>
    <subfield code="d">2012-02-21</subfield>
    <subfield code="e">purchase</subfield>
    <subfield code="g">199.00</subfield>
    <subfield code="h">682</subfield>
    <subfield code="l">3</subfield>
    <subfield code="m">8</subfield>
    <subfield code="o">624.1513 HOL</subfield>
    <subfield code="p">000026162</subfield>
    <subfield code="r">2025-07-15 00:00:00</subfield>
    <subfield code="s">2016-01-14</subfield>
    <subfield code="y">BB</subfield>
  </datafield>
</record>
